Lodgepower Ltd v Joan Elizabeth Taylor, Eric Paul Gardner and F Coulhurst (Record no. 74601)
[ view plain ]
| 000 -LEADER | |
|---|---|
| fixed length control field | 02265cab a2200265 4500 |
| 001 - CONTROL NUMBER | |
| control field | ABS68445 |
| 008 - FIXED-LENGTH DATA ELEMENTS--GENERAL INFORMATION | |
| fixed length control field | 041115n2004 000 0 eng u |
| 035 ## - SYSTEM CONTROL NUMBER | |
| System control number | (Sirsi) u127958 |
| 245 ## - TITLE STATEMENT | |
| Title | Lodgepower Ltd v Joan Elizabeth Taylor, Eric Paul Gardner and F Coulhurst |
| 260 ## - PUBLICATION, DISTRIBUTION, ETC. | |
| Date of publication, distribution, etc. | 2004 |
| 490 ## - SERIES STATEMENT | |
| Series statement | Estates GazetteŒv[2005] 08 EG 192-197(6) |
| 520 ## - SUMMARY, ETC. | |
| Summary, etc. | [2004] EWCA Civ 1367, 22 October 2004. Respondent (L), the tenant of an agricultural holding comprising land and buildings, sought specific performance of the landlord's repairing obligations pursuant to the Agricultural Holdings Act 1986 and the Agricultural (Maintenance, Repair and Insurance of Fixed Equipment) Regulations 1973 or damages in lieu. The dispute between the parties and the grounds for appeal is centred around the question of whether the notice served on the landlord was in anyway prescribed by the 1986 Act. Paragraphs 3 to 6 set out the material provisions of the 1986 Act and 1973 Regulations. The situation was complicated by the death of the landlord Katherine Coulhurst who died intestate and the assignment of the tenancy to the respondent L was made three weeks after her death. The legal estate had been vested in three trustees D, C and L as joint tenants. At the time of C's death, D was the only surviving trustee. The notice addressed to C's executors had been sent to her former address where it was received by her elderly widower F who continued to live there. CA "held" that the notice to remedy had failed to fulfil the requirements of s93(3) and s93(5) of the 1986 Act. Appeal allowed. CC decision set aside. View judgment at www.bailii.org. |
| 590 ## - LOCAL NOTE (RLIN) | |
| Local note | ABS |
| 590 ## - LOCAL NOTE (RLIN) | |
| Local note | ABS |
| 650 ## - SUBJECT ADDED ENTRY--TOPICAL TERM | |
| Topical term or geographic name entry element | LODGEPOWER LTD V TAYLOR |
| 650 ## - SUBJECT ADDED ENTRY--TOPICAL TERM | |
| Topical term or geographic name entry element | AGRICULTURAL HOLDINGS ACT 1986 |
| 650 ## - SUBJECT ADDED ENTRY--TOPICAL TERM | |
| Topical term or geographic name entry element | AGRICULTURAL (MAINTENANCE, REPAIR AND INSURANCE OF FIXED EQUIPMENT) REGULATIONS 1973 |
| 650 ## - SUBJECT ADDED ENTRY--TOPICAL TERM | |
| Topical term or geographic name entry element | ORAL TENANCY |
| 650 ## - SUBJECT ADDED ENTRY--TOPICAL TERM | |
| Topical term or geographic name entry element | REPAIR NOTICES |
| 650 ## - SUBJECT ADDED ENTRY--TOPICAL TERM | |
| Topical term or geographic name entry element | AGRICULTURAL HOLDINGS |
| 690 ## - LOCAL SUBJECT ADDED ENTRY--TOPICAL TERM (OCLC, RLIN) | |
| Topical term or geographic name as entry element | LANDLORD AND TENANT-AGRICULTURAL TENANCIES-CASE LAW |
| 856 ## - ELECTRONIC LOCATION AND ACCESS | |
| Uniform Resource Identifier | <a href="https://www.bailii.org/ew/cases/EWCA/Civ/2004/1367.html">https://www.bailii.org/ew/cases/EWCA/Civ/2004/1367.html</a> |
| Public note | View judgment on the BAILII website... |
| 856 ## - ELECTRONIC LOCATION AND ACCESS | |
| Uniform Resource Identifier | <a href="https://www.bailii.org/ew/cases/EWCA/Civ/2004/1367.html">https://www.bailii.org/ew/cases/EWCA/Civ/2004/1367.html</a> |
| Public note | View judgment on the BAILII website... |
| 942 ## - ADDED ENTRY ELEMENTS (KOHA) | |
| Suppress in OPAC | 0 |
| Withdrawn status | Lost status | Source of classification or shelving scheme | Damaged status | Not for loan | Home library | Current library | Shelving location | Date acquired | Total Checkouts | Full call number | Barcode | Date last seen | Copy number | Price effective from | Koha item type |
|---|---|---|---|---|---|---|---|---|---|---|---|---|---|---|---|
| Dewey Decimal Classification | London | London | Journal article | 15/11/2004 | ABS68445 | 127958-1001 | 06/08/2019 | 1 | 06/08/2019 | Law report | |||||
| Dewey Decimal Classification | Virtual | Virtual | Online | 15/11/2004 | ONLINE | 127958-2001 | 06/08/2019 | 1 | 06/08/2019 | Law report |